<?xml version="1.0" encoding="UTF-8"?>
<record
    xmlns:xsi="http://www.w3.org/2001/XMLSchema-instance"
    xsi:schemaLocation="http://www.loc.gov/MARC21/slim http://www.loc.gov/standards/marcxml/schema/MARC21slim.xsd"
    xmlns="http://www.loc.gov/MARC21/slim">

  <leader>01063nam a2200241 a 4500</leader>
  <controlfield tag="001">78309</controlfield>
  <controlfield tag="003">BD-RjUL</controlfield>
  <controlfield tag="005">20211209083121.0</controlfield>
  <controlfield tag="008">210907s2021    bg ||||| |||| 00| 0 ben d</controlfield>
  <datafield tag="020" ind1=" " ind2=" ">
    <subfield code="a">9789843499011</subfield>
  </datafield>
  <datafield tag="035" ind1=" " ind2=" ">
    <subfield code="a">(BD-RjUL)78535</subfield>
  </datafield>
  <datafield tag="040" ind1=" " ind2=" ">
    <subfield code="a">BD-RjUL</subfield>
    <subfield code="b">eng</subfield>
    <subfield code="c">BD-RjUL</subfield>
  </datafield>
  <datafield tag="041" ind1=" " ind2=" ">
    <subfield code="a">ben</subfield>
  </datafield>
  <datafield tag="082" ind1=" " ind2=" ">
    <subfield code="2">23</subfield>
    <subfield code="a">624.2095492</subfield>
    <subfield code="b">BAN 2021</subfield>
  </datafield>
  <datafield tag="100" ind1=" " ind2=" ">
    <subfield code="a">&#x9AC;&#x9BE;&#x9B0;&#x995;&#x9BE;&#x9A4;, &#x986;&#x9AC;&#x9C1;&#x9B2;</subfield>
    <subfield code="9">136267</subfield>
  </datafield>
  <datafield tag="245" ind1="1" ind2="0">
    <subfield code="a">&#x9A8;&#x9BF;&#x99C;&#x9B8;&#x9CD;&#x9AC; &#x985;&#x9B0;&#x9CD;&#x9A5;&#x9BE;&#x9AF;&#x9BC;&#x9A8;&#x9C7; &#x9AA;&#x9A6;&#x9CD;&#x9AE;&#x9BE; &#x9B8;&#x9C7;&#x9A4;&#x9C1; :</subfield>
    <subfield code="b">&#x99C;&#x9BE;&#x9A4;&#x9C0;&#x9AF;&#x9BC; &#x990;&#x995;&#x9CD;&#x9AF; &#x9B8;&#x9C3;&#x9B8;&#x9CD;&#x99F;&#x9BF;&#x9B0; &#x9B6;&#x9CD;&#x9B0;&#x9C7;&#x9B7;&#x9CD;&#x9A0; &#x9B8;&#x9C1;&#x9AF;&#x9CB;&#x997; /</subfield>
    <subfield code="c"> &#x986;&#x9AC;&#x9C1;&#x9B2; &#x9AC;&#x9BE;&#x9B0;&#x995;&#x9BE;&#x9A4; </subfield>
  </datafield>
  <datafield tag="250" ind1=" " ind2=" ">
    <subfield code="a">&#x9E8;&#x9AF;&#x9BC; &#x9AA;&#x9B0;&#x9BF;&#x9AE;&#x9BE;&#x9B0;&#x9CD;&#x99C;&#x9BF;&#x9A4; &#x993; &#x9AA;&#x9B0;&#x9BF;&#x9AC;&#x9B0;&#x9CD;&#x9A7;&#x9BF;&#x9A4; &#x9B8;&#x982;.</subfield>
  </datafield>
  <datafield tag="260" ind1=" " ind2=" ">
    <subfield code="a">&#x9A2;&#x9BE;&#x995;&#x9BE; :</subfield>
    <subfield code="b">&#x9AE;&#x9C1;&#x995;&#x9CD;&#x9A4;&#x9AC;&#x9C1;&#x9A6;&#x9CD;&#x9A7;&#x9BF; &#x9AA;&#x9CD;&#x9B0;&#x995;&#x9BE;&#x9B6;&#x9A8;&#x9BE;, </subfield>
    <subfield code="c">&#x9E8;&#x9E6;&#x9E8;&#x9E7;</subfield>
  </datafield>
  <datafield tag="300" ind1=" " ind2=" ">
    <subfield code="a">&#x9E7;&#x9ED;&#x9EE; &#x9AA;&#x9C3;.:</subfield>
    <subfield code="b">&#x99A;&#x9BF;&#x9A4;&#x9CD;&#x9B0;&#x9B8;&#x9AE;&#x9C2;&#x9B9;;</subfield>
    <subfield code="c">&#x9E7;&#x9EE; &#x9B8;&#x9C7;&#x9AE;&#x9BF;.</subfield>
  </datafield>
  <datafield tag="650" ind1=" " ind2=" ">
    <subfield code="a">&#x9AA;&#x9A6;&#x9CD;&#x9AE;&#x9BE; &#x9B8;&#x9C7;&#x9A4;&#x9C1; (&#x9AC;&#x9BE;&#x982;&#x9B2;&#x9BE;&#x9A6;&#x9C7;&#x9B6;) </subfield>
    <subfield code="9">247483</subfield>
  </datafield>
  <datafield tag="650" ind1=" " ind2=" ">
    <subfield code="a"> Padma Setu (Bangladesh) </subfield>
    <subfield code="9">235113</subfield>
  </datafield>
  <datafield tag="942" ind1=" " ind2=" ">
    <subfield code="2">ddc</subfield>
    <subfield code="c">BK</subfield>
  </datafield>
  <datafield tag="999" ind1=" " ind2=" ">
    <subfield code="c">78309</subfield>
    <subfield code="d">78309</subfield>
  </datafield>
  <datafield tag="952" ind1=" " ind2=" ">
    <subfield code="0">0</subfield>
    <subfield code="1">0</subfield>
    <subfield code="2">ddc</subfield>
    <subfield code="4">0</subfield>
    <subfield code="7">0</subfield>
    <subfield code="8">NFIC</subfield>
    <subfield code="a">RUCL</subfield>
    <subfield code="b">RUCL</subfield>
    <subfield code="c">Stack</subfield>
    <subfield code="d">2021-09-06</subfield>
    <subfield code="e">Dhaka : Bangladesh arthoniti Samiti</subfield>
    <subfield code="g">297.50</subfield>
    <subfield code="l">0</subfield>
    <subfield code="o">B 624.2095492 BAN 2021</subfield>
    <subfield code="r">2021-09-07 00:00:00</subfield>
    <subfield code="t">C-2</subfield>
    <subfield code="w">2021-09-07</subfield>
    <subfield code="y">BK</subfield>
  </datafield>
  <datafield tag="952" ind1=" " ind2=" ">
    <subfield code="0">0</subfield>
    <subfield code="1">0</subfield>
    <subfield code="2">ddc</subfield>
    <subfield code="4">0</subfield>
    <subfield code="7">0</subfield>
    <subfield code="8">NFIC</subfield>
    <subfield code="a">RUCL</subfield>
    <subfield code="b">RUCL</subfield>
    <subfield code="c">Stack</subfield>
    <subfield code="d">2021-09-06</subfield>
    <subfield code="e">Dhaka : Bangladesh arthoniti Samiti</subfield>
    <subfield code="g">297.50</subfield>
    <subfield code="l">0</subfield>
    <subfield code="o">B 624.2095492 BAN 2021</subfield>
    <subfield code="r">2021-09-07 00:00:00</subfield>
    <subfield code="t">C-3</subfield>
    <subfield code="w">2021-09-07</subfield>
    <subfield code="y">BK</subfield>
  </datafield>
  <datafield tag="952" ind1=" " ind2=" ">
    <subfield code="0">0</subfield>
    <subfield code="1">0</subfield>
    <subfield code="2">ddc</subfield>
    <subfield code="4">0</subfield>
    <subfield code="7">1</subfield>
    <subfield code="8">NFIC</subfield>
    <subfield code="a">RUCL</subfield>
    <subfield code="b">RUCL</subfield>
    <subfield code="c">Reading</subfield>
    <subfield code="d">2021-09-06</subfield>
    <subfield code="e">Dhaka : Bangladesh arthoniti Samiti</subfield>
    <subfield code="g">297.50</subfield>
    <subfield code="l">0</subfield>
    <subfield code="o">B 624.2095492 BAN 2021</subfield>
    <subfield code="r">2021-09-07 00:00:00</subfield>
    <subfield code="t">C-1</subfield>
    <subfield code="w">2021-09-07</subfield>
    <subfield code="y">BK</subfield>
  </datafield>
  <datafield tag="952" ind1=" " ind2=" ">
    <subfield code="0">0</subfield>
    <subfield code="1">0</subfield>
    <subfield code="2">ddc</subfield>
    <subfield code="4">0</subfield>
    <subfield code="7">0</subfield>
    <subfield code="8">NFIC</subfield>
    <subfield code="a">RUCL</subfield>
    <subfield code="b">RUCL</subfield>
    <subfield code="c">Stack</subfield>
    <subfield code="d">2021-08-12</subfield>
    <subfield code="e">Author</subfield>
    <subfield code="g">350.00</subfield>
    <subfield code="l">0</subfield>
    <subfield code="o">B 624.2095492 BAN 2021</subfield>
    <subfield code="r">2021-09-08 00:00:00</subfield>
    <subfield code="t">C-4</subfield>
    <subfield code="w">2021-09-08</subfield>
    <subfield code="y">BK</subfield>
  </datafield>
</record>
